000 00889nam a2200277 a 4500
999 _c1154
_d1154
008 191205r20132015ii ad||g |||| 001 0 eng d
020 _a9788131789209
_cRs. 650.00
040 _aKO
_beng
041 0 _aeng
044 _aii
082 0 4 _223
_a658.7
_bC4558
100 1 _aChopra, Sunil
245 1 0 _aSupply Chain Management :
_bstrategy, planning and operation /
_cSunil Chopra, Peter Meindl and Dharam Vir Kalra
250 _a5th ed.
260 _aNoida :
_bPearson India Education Services Pvt. Ltd. ,
_c2013, reprinted 2015.
300 _axviii, 557 p. :
_bill. ;
_c25 cm.
504 _aIncludes Index.
650 0 _aMarketing channels
_xManagement
650 0 _aPhysical distribution of goods
_xManagement
650 0 _aDelivery of goods
_xManagement
700 _aMeindl, Peter
_eaut
700 _aKalra, Dharam Vir
_eaut
904 _aA_BOSE
942 _cBK